L'Adob de l'ametller / per Joan Salom
Descripción Física:
10 p. ; 21 cm
Otros Autores:
Catalunya. Mancomunitat. Servei d'Arbres Fruiters
Materias:
Ametller -- Adobs
MARC
| LEADER | 00000nam a2200000Ia 4500 | ||
|---|---|---|---|
| 001 | 2209 | ||
| 008 | 160829s1923 xx 000 0 cat d | ||
| 080 | |a RF-3-65 | ||
| 100 | |a Salom i Calafell, Joan |9 25322 | ||
| 245 | |a L'Adob de l'ametller / per Joan Salom | ||
| 260 | |a Barcelona : |b Mancomunitat de Catalunya. Servei d'Arbres Fruiters, |c 1923 | ||
| 300 | |a 10 p. ; |c 21 cm | ||
| 490 | |a Publicacions divulgadores dels Serveis Tècnics d'Agricultura | ||
| 650 | |a Ametller |x Adobs |9 25325 | ||
| 700 | |a Catalunya. Mancomunitat. Servei d'Arbres Fruiters |9 20132 | ||
| 856 | 4 | |u https://media.diba.cat/diba/fitxers/arxiu/fulletons/bib_2209_1923_baixa.pdf |y Accés lliure | |
| 856 | 4 | |u https://media.diba.cat/diba/fitxers/arxiu/fulletons/bib_2209_1923_baixa.pdf |y Accés lliure | |
| 901 | |a Arxiu | ||
| 942 | |n 1 |2 udc | ||
| 952 | |0 0 |1 0 |4 0 |6 RF365 |7 1 |9 43559 |a Arxiu |b Arxiu |d 2016-12-01 |l 0 |o RF-3-65 |p 2209 |r 2016-12-01 00:00:00 |w 2016-12-01 |y ARXIU | ||
| 999 | |c 46106 |d 46106 | ||
| 900 | |a bib_2209_1923_baixa.pdf | ||